[Event "Cali op-A 3rd"]
[Site "Cali"]
[Date "1999.12.30"]
[Round "8"]
[White "Mateus, Manuel"]
[Black "Vittorino, Carlo Giovanni"]
[Result "0-1"]
[WhiteElo "2210"]
[BlackElo "2300"]
[PlyCount "83"]
[EventDate "1999.12.26"]
[EventType "swiss"]
[EventRounds "9"]
[EventCountry "COL"]
[SourceTitle "CBM 074 Extra"]
[Source "ChessBase"]
[SourceDate "2000.03.10"]
[SourceVersion "2"]
[SourceVersionDate "2000.03.10"]
[SourceQuality "1"]

1. e4 Nc6 2. Nc3 e5 3. Nf3 Nf6 4. g3 Bc5 5. Bg2 d6 6. d3 0-0 7. Na4 Bb4+ 8. c3 Ba5 9. b4 Bb6 10. Nxb6 axb6 11. 0-0 b5 12. Qc2 Bd7 13. Nh4 Qc8 14. f4 Bh3 15. fxe5 dxe5 16. Nf5 Bxg2 17. Kxg2 Qe6 18. Bg5 Ne8 19. Qe2 f6 20. Be3 Nd6 21. Bc5 Ne7 22. Nxe7+ Qxe7 23. Qc2 Ra3 24. Rfb1 b6 25. Be3 Qe6 26. Rb3 Ra6 27. Rb2 Rfa8 28. Qe2 Ra3 29. Qc2 Kf7 30. Qd2 Ke7 31. Rc2 Kd7 32. Qe2 Kc8 33. Bc1 R3a6 34. a3 Kb7 35. Bb2 c5 36. bxc5 bxc5 37. Bc1 c4 38. Rb1 Kc6 39. Rb4 Ra4 40. dxc4 Rxb4 41. cxb4 Nxc4 42. Rc3 0-1

[Event "Cali op-A 3rd"]
[Site "Cali"]
[Date "1999.12.29"]
[Round "6"]
[White "Renteria Becerra, Jorge Elicer"]
[Black "Mateus, Manuel"]
[Result "1-0"]
[WhiteElo "2308"]
[BlackElo "2210"]
[PlyCount "62"]
[EventDate "1999.12.26"]
[EventType "swiss"]
[EventRounds "9"]
[EventCountry "COL"]
[SourceTitle "CBM 074 Extra"]
[Source "ChessBase"]
[SourceDate "2000.03.10"]
[SourceVersion "2"]
[SourceVersionDate "2000.03.10"]
[SourceQuality "1"]

1. e4 c5 2. Nf3 d6 3. d4 cxd4 4. Nxd4 Nf6 5. Nc3 a6 6. Bg5 Nbd7 7. Bc4 Qa5 8. Qd2 b5 9. Bb3 Bb7 10. Bxf6 Nxf6 11. 0-0 e6 12. Rfe1 Be7 13. Bxe6 fxe6 14. Nxe6 Kf7 15. Ng5+ Kg8 16. e5 dxe5 17. Rxe5 Qb4 18. Rae1 Bd6 19. Qe2 Bxe5 20. Qxe5 Qc4 21. Qe7 Bd5 22. Re5 h6 23. Nxd5 hxg5 24. Rxg5 Rh7 25. Nxf6+ Kh8 26. Nxh7 Qd4 27. h3 Kxh7 28. Rh5+ Kg6 29. Qg5+ Kf7 30. Qd5+ Qxd5 31. Rxd5 Ke6 1-0

[Event "Cali op-A 3rd"]
[Site "Cali"]
[Date "1999.12.28"]
[Round "4"]
[White "Mosquera Klinger, Miguel Alonso"]
[Black "Mateus, Manuel"]
[Result "1-0"]
[WhiteElo "2315"]
[BlackElo "2210"]
[PlyCount "39"]
[EventDate "1999.12.26"]
[EventType "swiss"]
[EventRounds "9"]
[EventCountry "COL"]
[SourceTitle "CBM 074 Extra"]
[Source "ChessBase"]
[SourceDate "2000.03.10"]
[SourceVersion "2"]
[SourceVersionDate "2000.03.10"]
[SourceQuality "1"]

1. e4 c5 2. Nf3 d6 3. d4 cxd4 4. Nxd4 Nf6 5. Nc3 a6 6. Bg5 e6 7. f4 Be7 8. Qf3 Qc7 9. 0-0-0 h6 10. Bh4 g5 11. fxg5 Nfd7 12. g6 Ne5 13. gxf7+ Nxf7 14. Bxe7 Kxe7 15. Nf5+ Ke8 16. Nxd6+ Nxd6 17. Qg3 Ke7 18. Rxd6 Qc5 19. Nd5+ Kf7 20. Be2 1-0

[Event "Olympiad-32"]
[Site "Yerevan"]
[Date "1996.09.28"]
[Round "12.3"]
[White "Mateus, Manuel"]
[Black "Perdomo, Carlos Andres"]
[Result "0-1"]
[WhiteElo "2220"]
[BlackElo "2315"]
[PlyCount "114"]
[EventDate "1996.09.15"]
[EventType "team-swiss"]
[EventRounds "14"]
[EventCountry "ARM"]
[SourceTitle "CBM 055"]
[Source "ChessBase"]
[SourceDate "1996.12.01"]
[SourceVersion "1"]
[SourceVersionDate "1996.12.01"]
[SourceQuality "1"]
[WhiteTeam "Angola"]
[BlackTeam "Colombia"]
[WhiteTeamCountry "ANG"]
[BlackTeamCountry "COL"]

1. e4 c5 2. Nf3 e6 3. d4 cxd4 4. Nxd4 a6 5. c4 Nf6 6. Nc3 d6 7. Be2 b6 8. Be3 Bb7 9. f3 Nbd7 10. 0-0 Be7 11. Rc1 0-0 12. b3 Re8 13. Qd2 Qc7 14. Rfd1 Rad8 15. Kh1 Qb8 16. Bf1 Bf8 17. g3 d5 18. cxd5 exd5 19. Nxd5 Nxd5 20. exd5 Bxd5 21. Bg2 Qb7 22. Bf4 Bc5 23. b4 Bxd4 24. Qxd4 Bxf3 25. Qf2 Bxg2+ 26. Qxg2 Qxg2+ 27. Kxg2 Nf6 28. Rxd8 Rxd8 29. Bg5 Re8 30. Bxf6 gxf6 31. Kf3 Kg7 32. h4 Kg6 33. Rc7 b5 34. Rc5 Re5 35. Rc6 Re6 36. Rc5 Rd6 37. Ke3 h5 38. Ke2 Rd4 39. a3 Re4+ 40. Kf3 Re1 41. Rc6 Re6 42. Rc5 Rd6 43. Ke3 f5 44. Rc7 f6 45. Rc5 Rb6 46. Rc7 Re6+ 47. Kf3 Rd6 48. Ke3 f4+ 49. Kxf4 Rd3 50. a4 Rd4+ 51. Kf3 bxa4 52. Rc6 a5 53. Ra6 Rd5 54. Ke4 Rb5 55. Kd3 a3 56. Kc4 Rxb4+ 57. Kc3 Ra4 0-1

[Event "Olympiad-32"]
[Site "Yerevan"]
[Date "1996.09.21"]
[Round "6.3"]
[White "Mateus, Manuel"]
[Black "Izquierdo, Daniel"]
[Result "1/2-1/2"]
[WhiteElo "2220"]
[BlackElo "2275"]
[PlyCount "135"]
[EventDate "1996.09.15"]
[EventType "team-swiss"]
[EventRounds "14"]
[EventCountry "ARM"]
[SourceTitle "CBM 055"]
[Source "ChessBase"]
[SourceDate "1996.12.01"]
[SourceVersion "1"]
[SourceVersionDate "1996.12.01"]
[SourceQuality "1"]
[WhiteTeam "Angola"]
[BlackTeam "Uruguay"]
[WhiteTeamCountry "ANG"]
[BlackTeamCountry "URU"]

1. e4 c5 2. Nf3 d6 3. d4 cxd4 4. Nxd4 Nf6 5. Nc3 g6 6. Be2 Bg7 7. Be3 0-0 8. 0-0 b6 9. f4 Bb7 10. Bf3 Nbd7 11. Nde2 a6 12. Qd2 Qc7 13. g4 Nc5 14. Ng3 b5 15. g5 b4 16. gxf6 bxc3 17. Qxc3 Bxf6 18. Bd4 Bxd4+ 19. Qxd4 e5 20. Qe3 exf4 21. Qxf4 Ne6 22. Qd2 Qc5+ 23. Kh1 Qe5 24. Bg2 Rae8 25. Rae1 Qd4 26. Qxd4 Nxd4 27. c3 Ne6 28. Rd1 Rd8 29. Rd2 h5 30. h4 Rfe8 31. Kh2 Nc5 32. Rd4 Re5 33. Rfd1 Rde8 34. Rxd6 a5 35. Rb6 Bxe4 36. Nxe4 Nxe4 37. Re1 R8e7 38. c4 Kg7 39. Rb5 f5 40. Rxe5 Rxe5 41. Bxe4 fxe4 42. Kg3 Kf6 43. Kf4 Rf5+ 44. Ke3 Ke5 45. Rg1 Rf3+ 46. Ke2 Kd4 47. Rxg6 Rh3 48. Rd6+ Kxc4 49. Ra6 Kb5 50. Ra8 Rxh4 51. Ke3 Rg4 52. Rb8+ Kc4 53. Ra8 Kb5 54. Rb8+ Kc6 55. Ra8 Rg5 56. Kxe4 Rb5 57. b3 Kc5 58. a3 Kd6 59. Ra6+ Ke7 60. b4 axb4 61. axb4 Rxb4+ 62. Kf5 Rb5+ 63. Kg6 h4 64. Ra7+ Ke6 65. Rh7 Rb4 66. Kg5 Rb1 67. Rxh4 Rg1+ 68. Kf4 1/2-1/2

[Event "Olympiad-32"]
[Site "Yerevan"]
[Date "1996.09.17"]
[Round "2.3"]
[White "Mateus, Manuel"]
[Black "Jones, Iolo Cerredig"]
[Result "1/2-1/2"]
[WhiteElo "2220"]
[BlackElo "2230"]
[PlyCount "74"]
[EventDate "1996.09.15"]
[EventType "team-swiss"]
[EventRounds "14"]
[EventCountry "ARM"]
[SourceTitle "CBM 055"]
[Source "ChessBase"]
[SourceDate "1996.12.01"]
[SourceVersion "1"]
[SourceVersionDate "1996.12.01"]
[SourceQuality "1"]
[WhiteTeam "Angola"]
[BlackTeam "Wales"]
[WhiteTeamCountry "ANG"]
[BlackTeamCountry "WLS"]

1. e4 e5 2. Nf3 Nf6 3. Nxe5 d6 4. Nf3 Nxe4 5. d4 d5 6. Bd3 Be7 7. 0-0 Nc6 8. c4 Nf6 9. Nc3 0-0 10. h3 Nb4 11. Be2 dxc4 12. Bxc4 c6 13. Bg5 Nbd5 14. Nxd5 Nxd5 15. Bxe7 Qxe7 16. Bxd5 cxd5 17. Re1 Qd6 18. Qd2 h6 19. Rac1 Bf5 20. Rc3 Rac8 21. Rec1 Rxc3 22. Rxc3 Rc8 23. Rxc8+ Bxc8 24. Ne5 Bf5 25. Qf4 Qe6 26. a3 f6 27. Nf3 Qc8 28. Kh2 Kh7 29. b4 Be4 30. Nd2 Qc1 31. Qe3 Bg6 32. Nf3 Qc7+ 33. Kg1 Be4 34. Nd2 Qc1+ 35. Kh2 Bg6 36. Nf3 Qc7+ 37. Kg1 Be4 1/2-1/2

[Event "Olympiad-30"]
[Site "Manila"]
[Date "1992.06.20"]
[Round "11.2"]
[White "Mateus, Manuel"]
[Black "Haas, Georges"]
[Result "0-1"]
[WhiteElo "2255"]
[BlackElo "2285"]
[PlyCount "104"]
[EventDate "1992.06.08"]
[EventType "team-swiss"]
[EventRounds "14"]
[EventCountry "PHI"]
[SourceTitle "TD"]
[Source "ChessBase"]
[SourceDate "1994.03.01"]
[SourceVersion "1"]
[SourceVersionDate "1994.03.01"]
[SourceQuality "1"]
[WhiteTeam "Angola"]
[BlackTeam "Luxembourg"]
[WhiteTeamCountry "ANG"]
[BlackTeamCountry "LUX"]

1. d4 d5 2. c4 c6 3. Nc3 Nf6 4. Nf3 dxc4 5. a4 Na6 6. e3 Bg4 7. Bxc4 e6 8. 0-0 Be7 9. Qe2 Nb4 10. Rd1 0-0 11. e4 c5 12. dxc5 Qc8 13. Be3 Bxc5 14. Bxc5 Qxc5 15. b3 Nc6 16. Qe3 Qxe3 17. fxe3 Rfc8 18. h3 Bxf3 19. gxf3 Ne5 20. Kf2 Nxc4 21. bxc4 Rxc4 22. Rd3 Rac8 23. Rad1 h5 24. Rd8+ Rxd8 25. Rxd8+ Kh7 26. Rd3 Kg6 27. h4 e5 28. Ke2 Rb4 29. Rd2 b6 30. Kf2 Rc4 31. Rd3 Kh6 32. Kg3 g6 33. Kg2 Kg7 34. Kf2 Kf8 35. Kg3 Ke7 36. a5 Rc5 37. axb6 axb6 38. Nd5+ Nxd5 39. exd5 f5 40. Rb3 Rxd5 41. Rxb6 Rd6 42. Rb5 Kf6 43. Ra5 Rd3 44. Ra6+ Kg7 45. Kf2 Rd2+ 46. Kg3 Re2 47. Ra3 Rxe3 48. Rxe3 f4+ 49. Kf2 fxe3+ 50. Kxe3 g5 51. hxg5 h4 52. f4 h3 0-1

[Event "Olympiad-30"]
[Site "Manila"]
[Date "1992.06.11"]
[Round "4.1"]
[White "Mateus, Manuel"]
[Black "Hutcheson, John"]
[Result "1/2-1/2"]
[WhiteElo "2255"]
[BlackElo "2235"]
[PlyCount "76"]
[EventDate "1992.06.08"]
[EventType "team-swiss"]
[EventRounds "14"]
[EventCountry "PHI"]
[SourceTitle "TD"]
[Source "ChessBase"]
[SourceDate "1994.03.01"]
[SourceVersion "1"]
[SourceVersionDate "1994.03.01"]
[SourceQuality "1"]
[WhiteTeam "Angola"]
[BlackTeam "Botswana"]
[WhiteTeamCountry "ANG"]
[BlackTeamCountry "BOT"]

1. e4 e6 2. d3 d5 3. Nd2 c5 4. g3 Nc6 5. Bg2 Nf6 6. Ne2 Be7 7. 0-0 Qc7 8. f4 d4 9. h3 b6 10. g4 Bb7 11. a4 0-0-0 12. Nc4 h5 13. g5 Nd7 14. c3 Kb8 15. Qb3 a5 16. Bd2 Ba6 17. Rac1 Ka7 18. Na3 c4 19. dxc4 Nc5 20. Qd1 dxc3 21. Nxc3 Qd7 22. Be3 Nd3 23. Qb3 Nd4 24. Ncb5+ Bxb5 25. Nxb5+ Nxb5 26. Rcd1 Nd4 27. Qxd3 Bc5 28. Kh1 Qxa4 29. Bxd4 Rxd4 30. Qxd4 Bxd4 31. Rxd4 Rc8 32. Rfd1 Rc7 33. e5 g6 34. Rd8 b5 35. R1d6 Rb7 36. Bxb7 Kxb7 37. R8d7+ Kc8 38. Rd8+ Kc7 1/2-1/2

[Event "Cappelle op 08th"]
[Site "Cappelle la Grande"]
[Date "1992.??.??"]
[Round "4"]
[White "Mateus, Manuel"]
[Black "Seret, Jean Luc"]
[Result "0-1"]
[WhiteElo "2255"]
[BlackElo "2415"]
[PlyCount "108"]
[EventDate "1992.02.??"]
[EventType "swiss"]
[EventRounds "9"]
[EventCountry "FRA"]
[SourceTitle "EXT 1997"]
[Source "ChessBase"]
[SourceDate "1996.11.15"]
[SourceVersion "1"]
[SourceVersionDate "1996.11.15"]
[SourceQuality "1"]

1. e4 g6 2. d4 Bg7 3. Nc3 c6 4. f4 d5 5. e5 h5 6. Bd3 Nh6 7. Nf3 Bf5 8. Be3 e6 9. Bf2 Bf8 10. Bh4 Be7 11. Bxe7 Qxe7 12. Qd2 Nd7 13. Ne2 Nb6 14. b3 a5 15. a4 Bg4 16. 0-0 Nd7 17. c4 Nf5 18. cxd5 cxd5 19. Rac1 Qd8 20. h3 Bxf3 21. Rxf3 Nb8 22. Bxf5 gxf5 23. Nc3 Nc6 24. Nb5 Qb6 25. Nd6+ Kf8 26. Nb5 Rg8 27. Kh2 Rg6 28. Qf2 Qd8 29. Nd6 Qe7 30. Rfc3 Kg7 31. Rc5 Rg8 32. Rb5 Nd8 33. Nc8 Qa3 34. Rg1 Kh6 35. Nd6 Rg3 36. Qc2 h4 37. Nxb7 Nc6 38. Qf2 Nxd4 39. Rb6 Nxb3 40. Nd6 Kg6 41. Nxf5 Kxf5 42. Qc2+ Kxf4 43. Qf2+ Ke4 44. Re1+ Kd3 45. Qe2+ Kc3 46. Rc6+ Nc5 47. Qb5 Rxg2+ 48. Kh1 Kd4 49. Rd1+ Kxe5 50. Rxd5+ exd5 51. Re6+ Kf5 52. Qf1+ Rf2 53. Qb1+ Nd3 54. Rf6+ Kg5 0-1

[Event "WchT U26 08th"]
[Site "Maringa"]
[Date "1991.09.09"]
[Round "8"]
[White "Mateus, Manuel"]
[Black "Pelikian, Jefferson"]
[Result "1-0"]
[WhiteElo "2260"]
[BlackElo "2255"]
[PlyCount "103"]
[EventDate "1991.09.01"]
[EventType "team-swiss"]
[EventRounds "9"]
[EventCountry "BRA"]
[SourceTitle "EXT 2020"]
[Source "ChessBase"]
[SourceDate "2019.10.17"]
[SourceVersion "1"]
[SourceVersionDate "2019.10.17"]
[SourceQuality "1"]
[WhiteTeam "Angola"]
[BlackTeam "Brazil II"]
[WhiteTeamCountry "ANG"]
[BlackTeamCountry "BRA"]

1. e4 c5 2. Nf3 d6 3. Bb5+ Bd7 4. Bxd7+ Qxd7 5. 0-0 Nc6 6. d3 g6 7. c3 Nf6 8. Re1 Bg7 9. Nbd2 0-0 10. Nf1 e5 11. Bg5 Nh5 12. Ng3 Nxg3 13. hxg3 f5 14. Qd2 Qf7 15. Bh6 f4 16. Bxg7 Qxg7 17. gxf4 Rxf4 18. d4 Rxf3 19. gxf3 exd4 20. Kg2 Rf8 21. Rh1 Qf7 22. Rh3 Ne5 23. f4 Nc4 24. Qe2 Qe6 25. Rh4 dxc3 26. bxc3 d5 27. Re1 Nd6 28. exd5 Qxd5+ 29. Kg1 Re8 30. Qd1 Rxe1+ 31. Qxe1 Qxa2 32. Qe7 Nf7 33. Qxc5 Qe6 34. Kh2 b6 35. Qd4 h5 36. Rh3 a5 37. Re3 Qf5 38. Re8+ Kh7 39. Re7 b5 40. Qe5 Kg8 41. Re8+ Kh7 42. Qxf5 gxf5 43. Re7 Kg8 44. Rb7 Nd6 45. Rb6 Ne4 46. Rxb5 a4 47. c4 Kf7 48. Rxf5+ Kg6 49. Ra5 Nc3 50. c5 Kf6 51. c6 Ke6 52. c7 1-0

[Event "WchT U26 08th"]
[Site "Maringa"]
[Date "1991.09.06"]
[Round "6"]
[White "Mateus, Manuel"]
[Black "Riline Orso, Alejandro"]
[Result "0-1"]
[WhiteElo "2260"]
[BlackElo "2295"]
[PlyCount "80"]
[EventDate "1991.09.01"]
[EventType "team-swiss"]
[EventRounds "9"]
[EventCountry "BRA"]
[SourceTitle "EXT 2020"]
[Source "ChessBase"]
[SourceDate "2019.10.17"]
[SourceVersion "1"]
[SourceVersionDate "2019.10.17"]
[SourceQuality "1"]
[WhiteTeam "Angola"]
[BlackTeam "Paraguay"]
[WhiteTeamCountry "ANG"]
[BlackTeamCountry "PAR"]

1. e4 c5 2. Nc3 Nc6 3. f4 d6 4. Nf3 g6 5. d4 cxd4 6. Nxd4 Bg7 7. Nb3 Nf6 8. Be2 0-0 9. Be3 Be6 10. 0-0 Rc8 11. Bf3 a5 12. Kh1 Bc4 13. Rf2 b5 14. Nd4 Nxd4 15. Bxd4 b4 16. Nd5 Nxd5 17. exd5 Bxd4 18. Qxd4 Qc7 19. Qe4 Qc5 20. Rd2 Rc7 21. f5 Ba6 22. a3 Rb8 23. a4 Bc8 24. g4 Qc4 25. Qe3 Bb7 26. Re1 Rbc8 27. fxg6 hxg6 28. Kg2 Qa2 29. Be4 Qxb2 30. Bxg6 Qf6 31. Be4 Rc3 32. Qf2 Qxf2+ 33. Rxf2 R8c4 34. Rf5 e6 35. Rg5+ Kf8 36. h4 Rxe4 37. Rxe4 Rxc2+ 38. Kg3 b3 39. Re3 b2 40. Rb3 Rc3+ 0-1

[Event "WchT U26 08th"]
[Site "Maringa"]
[Date "1991.09.03"]
[Round "3"]
[White "Curi, Gabriel"]
[Black "Mateus, Manuel"]
[Result "1-0"]
[WhiteElo "2225"]
[BlackElo "2260"]
[PlyCount "117"]
[EventDate "1991.09.01"]
[EventType "team-swiss"]
[EventRounds "9"]
[EventCountry "BRA"]
[SourceTitle "EXT 2020"]
[Source "ChessBase"]
[SourceDate "2019.10.17"]
[SourceVersion "1"]
[SourceVersionDate "2019.10.17"]
[SourceQuality "1"]
[WhiteTeam "Uruguay"]
[BlackTeam "Angola"]
[WhiteTeamCountry "URU"]
[BlackTeamCountry "ANG"]

1. d4 Nf6 2. c4 g6 3. Nc3 d5 4. cxd5 Nxd5 5. e4 Nxc3 6. bxc3 c5 7. Bc4 Bg7 8. Ne2 0-0 9. 0-0 Qc7 10. d5 Nd7 11. Rb1 Nb6 12. Bd3 f5 13. exf5 Bxf5 14. c4 Rad8 15. Bxf5 Rxf5 16. Qb3 Qe5 17. Be3 e6 18. Ng3 Rf7 19. Bxc5 exd5 20. Bxb6 axb6 21. cxd5 Qxd5 22. Rfd1 Bd4 23. Kh1 Qxb3 24. Rxb3 Bf6 25. Rxd8+ Bxd8 26. Ne4 Rc7 27. g3 Rc2 28. Rd3 Be7 29. Rd7 Kf8 30. Rxb7 Re2 31. f3 Rxa2 32. Rxb6 Re2 33. h4 Kf7 34. Ng5+ Bxg5 35. hxg5 Rf2 36. f4 Ra2 37. Rb7+ Kg8 38. Kg1 Rc2 39. Re7 Rb2 40. Kf1 Ra2 41. Re2 Ra3 42. Kf2 Kf7 43. Re3 Ra2+ 44. Kf3 Ra4 45. Rb3 Kg7 46. g4 Kf7 47. Rb7+ Kg8 48. Re7 Rb4 49. f5 gxf5 50. gxf5 Ra4 51. Re4 Ra3+ 52. Kf4 Ra5 53. f6 Ra7 54. Re8+ Kf7 55. Rh8 Ke6 56. Kg4 Rb7 57. Kh5 Kf5 58. Kh6 Rb1 59. f7 1-0

[Event "WchT U26 08th"]
[Site "Maringa"]
[Date "1991.09.02"]
[Round "2"]
[White "Mateus, Manuel"]
[Black "Sepulveda, Luis"]
[Result "1/2-1/2"]
[WhiteElo "2260"]
[BlackElo "2280"]
[PlyCount "106"]
[EventDate "1991.09.01"]
[EventType "team-swiss"]
[EventRounds "9"]
[EventCountry "BRA"]
[SourceTitle "EXT 2020"]
[Source "ChessBase"]
[SourceDate "2019.10.17"]
[SourceVersion "1"]
[SourceVersionDate "2019.10.17"]
[SourceQuality "1"]
[WhiteTeam "Angola"]
[BlackTeam "Chile"]
[WhiteTeamCountry "ANG"]
[BlackTeamCountry "CHI"]

1. e4 c5 2. Nf3 Nc6 3. Bb5 e6 4. 0-0 Nge7 5. Re1 a6 6. Bf1 d5 7. exd5 Nxd5 8. d4 Be7 9. dxc5 0-0 10. c4 Ndb4 11. Qe2 a5 12. Nc3 Na6 13. Bf4 Bxc5 14. Rad1 Qe7 15. a3 f6 16. Qc2 g5 17. Be3 Bd7 18. Bxc5 Nxc5 19. Nd5 Qf7 20. Nb6 Rad8 21. Nxd7 Rxd7 22. Rxd7 Nxd7 23. c5 Nde5 24. Nxe5 Nxe5 25. Qc3 Qc7 26. b4 axb4 27. axb4 b6 28. Qd4 bxc5 29. bxc5 Rd8 30. Qc4 Rd5 31. Rc1 Kg7 32. Qb4 Nc6 33. Qb6 Qc8 34. Ba6 Qd7 35. Qb7 Kg6 36. Qb1+ f5 37. Bb5 Qc7 38. h4 Nd4 39. Be8+ Kg7 40. Qb2 Kf8 41. Bb5 Qb8 42. Rb1 Kg8 43. Ba6 Qxb2 44. Rxb2 Rxc5 45. hxg5 f4 46. Rb4 e5 47. Rb7 e4 48. Rb4 Rc1+ 49. Kh2 Rd1 50. Rb8+ Kf7 51. Bc4+ Kg6 52. Re8 Re1 53. Re5 e3 1/2-1/2

[Event "Olympiad-29"]
[Site "Novi Sad"]
[Date "1990.11.24"]
[Round "7"]
[White "Reyes Najera, Carlos Antonio"]
[Black "Mateus, Manuel"]
[Result "1/2-1/2"]
[WhiteElo "2240"]
[BlackElo "2250"]
[PlyCount "121"]
[EventDate "1990.11.17"]
[EventType "team-swiss"]
[EventRounds "14"]
[EventCountry "YUG"]
[SourceTitle "EXT 2019"]
[Source "ChessBase"]
[SourceDate "2018.10.10"]
[SourceVersion "1"]
[SourceVersionDate "2018.10.10"]
[SourceQuality "1"]
[WhiteTeam "Guatemala"]
[BlackTeam "Angola"]
[WhiteTeamCountry "GUA"]
[BlackTeamCountry "ANG"]

1. e4 c5 2. Nf3 d6 3. d4 cxd4 4. Nxd4 Nf6 5. Nc3 e6 6. Be3 a6 7. f3 Be7 8. Qd2 b5 9. 0-0-0 Bb7 10. g4 Nc6 11. g5 Nd7 12. h4 Rc8 13. Bh3 Nxd4 14. Bxd4 b4 15. Ne2 e5 16. Be3 a5 17. Ng3 g6 18. h5 Rf8 19. f4 exf4 20. Bxf4 Rc5 21. Bxd6 Bxg5 22. Bf4 Nb6 23. Qxd8+ Bxd8 24. Rxd8+ Kxd8 25. Bd6 Rg5 26. Rd1 Ke8 27. Bc7 Bc8 28. Bf1 Nd7 29. Bf4 Rg4 30. Bd6 Rg8 31. h6 Rh4 32. Rd5 Nf6 33. Rxa5 Kd7 34. e5 Nh5 35. Ra7+ Ke6 36. Re7+ Kd5 37. Bg2+ Kd4 38. c3+ bxc3 39. bxc3+ Kxc3 40. Rc7+ Rc4 41. Ne4+ Kd4+ 42. Rxc4+ Kxc4 43. Ng5 Be6 44. a4 Ng3 45. Nxh7 Rh8 46. Ng5 Rxh6 47. Nxe6 fxe6 48. Bb7 Rh7 49. Bc8 Kc3 50. Kb1 Ra7 51. Bxe6 Rxa4 52. Bd7 Re4 53. e6 Nf5 54. Bc7 Kb3 55. Ba5 Rd4 56. Kc1 Re4 57. Kd2 Ng7 58. Bc6 Re5 59. Bc3 Rxe6 60. Bd5+ Ka3 61. Bxe6 1/2-1/2

[Event "Olympiad-29"]
[Site "Novi Sad"]
[Date "1990.11.23"]
[Round "6"]
[White "Mateus, Manuel"]
[Black "Westerinen, Heikki MJ"]
[Result "1/2-1/2"]
[WhiteElo "2250"]
[BlackElo "2450"]
[PlyCount "42"]
[EventDate "1990.11.17"]
[EventType "team-swiss"]
[EventRounds "14"]
[EventCountry "YUG"]
[SourceTitle "EXT 2019"]
[Source "ChessBase"]
[SourceDate "2018.10.10"]
[SourceVersion "1"]
[SourceVersionDate "2018.10.10"]
[SourceQuality "1"]
[WhiteTeam "Angola"]
[BlackTeam "Finland"]
[WhiteTeamCountry "ANG"]
[BlackTeamCountry "FIN"]

1. d4 Nf6 2. c4 g6 3. Nc3 Bg7 4. e4 d6 5. Be2 0-0 6. Nf3 Bg4 7. Be3 Nc6 8. 0-0 Re8 9. Rc1 e5 10. d5 Nd4 11. Nxd4 exd4 12. Bxd4 Bxe2 13. Qxe2 Nxe4 14. Qd3 Nc5 15. Qd2 Ne4 16. Nxe4 Rxe4 17. Bxg7 Kxg7 18. Rfe1 Rxe1+ 19. Rxe1 Qf6 20. b3 a5 21. a4 h5 1/2-1/2